Top Characters - The Hunger Games : The Ballad of Songbirds and Snakes - Statistics

General Stats
  • This quiz has been taken 113 times
  • The average score is 10 of 27
Answer Stats
# of Mentions Name of Character % Correct
1253 Coriolanus Snow
100%
569 Lucy Gray Baird
87%
162 Tigris
76%
582 Sejanus Plinth
70%
195 Dr. Volumnia Gaul
57%
124 Dean Casca Highbottom
52%
87 Grandma'am
44%
40 Coral
43%
26 Wovey
43%
112 Lucretius "Lucky" Flickerman
40%
18 Dill
31%
59 Lamina
30%
62 Arachne Crane
29%
69 Marcus
29%
44 Mizzen
29%
33 Treech
27%
88 Jessup Diggs
24%
29 Mrs. Plinth
23%
101 Maude Ivory Baird
22%
110 Clemensia Dovecote
21%
33 Tanner
20%
67 Festus Creed
18%
74 Reaper Ash
15%
39 Mayfair Lipp
14%
31 Livia Cardew
12%
17 Felix Ravenstill
10%
82 Billy Taupe Clade
8%
No matching quizzes found
Score Distribution
Percent of People with Each Score
Percentile by Number Answered
Your Score History
You have not taken this quiz